• 首页
  • 本馆介绍
  • 公告通知
  • 最新文献
  • 馆藏检索
  • 电子资源
  • 读者导购
  • 参考咨询
  • 我的图书馆
  • 登录
  • 详细信息显示
  • 放入我的书架
  • 预约/预借图书
  • 作者相关作品
  • 分类相关作品
  • 丛书相关作品
  • 出版社相关作品

书目信息

  • 表格格式
  • 工作单格式
  • 卡片格式
题名:
中国汽车司机地图册
    
 
作者: ;中国汽车司机地图册编辑组 编绘
分册:  
出版信息: 北京   测绘出版社  1986.03
页数: 110页
开本: 26cm
丛书名:
单 册:
中图分类: F512.99
科图分类:
主题词: 运输地理--中国
电子资源:
ISBN: 7-5030-0024-4
000 00628nam0 2200193 45
001 0504061001
005 20050406113253.2
010    @a7-5030-0024-4@b塑装@dCNY4.95
100    @a20050406d1986 km y0chiy0120 ea
101 0  @achi
105    @a z 000yy
200 1  @a中国汽车司机地图册@AZhong Guo Qi Che Si Ji Di Tu Ce@f中国汽车司机地图册编辑组编绘@FZhong Guo Qi Che Si Ji Di Tu Ce Bian Ji Zu Bian Hui
210    @a北京@c测绘出版社@d1986.03
215    @a110页@d26cm
606 0  @a运输地理@x中国
690    @aF512.99@v3
711 02 @a中国汽车司机地图册编辑组@4编绘
801    @aCN@bPftUser@c20050406
905    @f1@b217709@dF512.99@e6
    
    中国汽车司机地图册/中国汽车司机地图册编辑组编绘.-北京:测绘出版社,1986.03
    110页;26cm
    
    
    ISBN 7-5030-0024-4(塑装):CNY4.95
    
●
相关链接 在E读中查询图书 在五车中查询图书 在当当中查询图书 在豆瓣中查询图书


正题名:中国汽车司机地图册     索取号:F512.99/6         预约/预借

序号 登录号 条形码 馆藏地/架位号 状态 备注
1 0217709   000488109   密集书库/ [索取号:F512.99/6] 在馆    
2 0217710   000488092   第一样本阅览室/ [索取号:F512.99/6] 在馆    
唐山师范学院图书馆 欢迎您!
大连网信软件有限公司© 版权所有